Dirty Larry / (Record no. 343)

MARC details
000 -LEADER
fixed length control field 00954nam a22003137a 4500
001 - CONTROL NUMBER
control field 343
003 - CONTROL NUMBER IDENTIFIER
control field FISKH
005 - DATE AND TIME OF LATEST TRANSACTION
control field 20230328091840.0
008 - FIXED-LENGTH DATA ELEMENTS--GENERAL INFORMATION
fixed length control field 230328b cb ||||| |||| 00| 0 eng d
020 ## - INTERNATIONAL STANDARD BOOK NUMBER
International Standard Book Number 9780516274935
040 ## - CATALOGING SOURCE
Original cataloging agency DLC
Transcribing agency DLC
Modifying agency DLC
-- FISKH
Language of cataloging eng
042 ## - AUTHENTICATION CODE
Authentication code lcac
050 00 - LIBRARY OF CONGRESS CALL NUMBER
Classification number PZ7.H1887
Item number Di 1983
082 00 - DEWEY DECIMAL CLASSIFICATION NUMBER
Classification number 468
Edition number 19
100 1# - MAIN ENTRY--PERSONAL NAME
Personal name Hamsa, Bobbie.
245 10 - TITLE STATEMENT
Title Dirty Larry /
Statement of responsibility, etc. by Bobbie Hamsa ; illustrations by Paul Sharp ; prepared under the direction of Robert Hillerich.
260 ## - PUBLICATION, DISTRIBUTION, ETC.
Place of publication, distribution, etc. New York :
Name of publisher, distributor, etc. Scholastic.
Date of publication, distribution, etc. 2002.
300 ## - PHYSICAL DESCRIPTION
Extent 23 pages.
Other physical details col. ill. ;
Dimensions 18 cm.
440 #2 - SERIES STATEMENT/ADDED ENTRY--TITLE
Title A Rookie reader
500 ## - GENERAL NOTE
General note Includes word list.
505 ## - FORMATTED CONTENTS NOTE
Formatted contents note B
520 ## - SUMMARY, ETC.
Summary, etc. Dirty Larry is never clean except when he is in the shower.
521 8# - TARGET AUDIENCE NOTE
Target audience note 150 <br/>
Source Lexile
521 8# - TARGET AUDIENCE NOTE
Target audience note B <br/>
Source Raz-Plus
650 #1 - SUBJECT ADDED ENTRY--TOPICAL TERM
Topical term or geographic name entry element Cleanliness
General subdivision Fiction.
700 1# - ADDED ENTRY--PERSONAL NAME
Personal name Sharp, Paul,
Relator term ill.
906 ## - LOCAL DATA ELEMENT F, LDF (RLIN)
a 7
b cbc
c orignew
d 1
e ocip
f 19
g y-gencatlg
942 ## - ADDED ENTRY ELEMENTS (KOHA)
Source of classification or shelving scheme Dewey Decimal Classification
Koha item type Books
Suppress in OPAC No
Holdings
Withdrawn status Lost status Source of classification or shelving scheme Damaged status Not for loan Collection Home library Current library Shelving location Date acquired Total Checkouts Full call number Barcode Date last seen Date last checked out Price effective from Koha item type
    Dewey Decimal Classification     Juvenile Fiction Footprints International School Library Network Toul Kork Campus Footprints International School Library Network Toul Kork Campus TK Primary Library Room(4th Floor), Bookcase 7, Shelves 57-60, Dark Green Books 03/28/2023 3 HAM 468 PZ8.H189 FISBK04278 02/06/2024 01/10/2024 03/28/2023 Books